| 000 | 00596cam a2200229u 4500 | ||
|---|---|---|---|
| 999 |
_c9123 _d9123 |
||
| 001 | 9123 | ||
| 003 | BD-JhCC | ||
| 005 | 20181204102953.0 | ||
| 008 | 810428s1922 nyuak 000 0 eng | ||
| 035 | _a(BD-JhCC)9123 | ||
| 040 |
_aDLC _cCarP _dDLC _dBD-JhCC |
||
| 041 | _aeng | ||
| 050 | 0 | 0 |
_aJK6425 1922 _b.B5 |
| 082 |
_bRAH 1966 _a330.473 |
||
| 100 | 1 | _aRahman, Hafiz Habibur | |
| 245 | 0 | 0 |
_aBeginner's civics / _cHafiz Habibur Rahman, |
| 260 |
_aDhaka : _bIdeal Publications, _c1966 |
||
| 300 |
_a256 p. _c19 cm. |
||
| 651 | 0 | _xPolitics and government. | |
| 942 |
_2ddc _cBK |
||